[Event "Sinquefield Cup 7th"]
[Site "Saint Louis"]
[Date "2019.08.27"]
[Round "10"]
[White "Carlsen, Magnus"]
[Black "So, Wesley"]
[Result "1-0"]
[WhiteElo "2882"]
[BlackElo "2776"]
[Annotator "Nielsen,Peter Heine"]
[PlyCount "85"]
[EventDate "2019.08.17"]
[EventType "tourn"]
[EventRounds "11"]
[EventCountry "USA"]
[EventCategory "22"]
[SourceTitle "CBM 192"]
[Source "ChessBase"]
[SourceDate "2019.10.31"]
[SourceVersion "1"]
[SourceVersionDate "2019.10.31"]
[SourceQuality "1"]

{[%evp 0,57,19,38,25,7,30,27,27,7,3,9,16,2,13,-5,17,-8,10,0,24,2,3,-8,3,13,26,24,27,27,22,19,4,5,6,-13,-24,-17,-24,-13,0,-34,-42,-5,0,-13,-19,7,53,53,44,-12,8,0,0,0,0,0,0,0]} 1. e4 $5 {Starting off with 9 draws the strategic situation for the world champion was pretty simple, nothing short of 2 wins would leave any chance of first place. This being his 6th white, it was still the first game where Magnus opened with the king's pawn, having recently preferred a more 1.d4 based approach, but in the moment of need, it felt like time for a surprise.} e5 2. Nf3 Nc6 {Wesley is loyal to his solid approach, inviting to a Berlin.} 3. Bc4 {This used to be considered basically inferior to 3.Bb5 and the Ruy Lopez, but as this position appeared 10(!) times in the Sinquefield Cup, it indicates the present preferences of the top players. Compared to 3.Bb5 it has the advantage of leading to less forced lines.} Bc5 4. O-O Nf6 5. d3 O-O 6. c3 d6 7. h3 h6 $5 ({Earlier in the tournament Wesley had tried the more extravagant} 7... a6 8. a4 Ba7 9. Re1 Kh8 $5 {ambitiously aiming for ...Ng8 and ...f5, but fearing Magnus preparation he sensibly chooses one of the main lines.}) 8. Re1 a6 9. a4 a5 $5 {Obviously a strange looking move, moving the a-pawn continiously. But there is logic behind it:} ({After the immediate} 9... Be6 {, then} 10. Bxe6 fxe6 11. b4 Ba7 12. Nbd2 {leads to troubles for Black like in e.g. Anand-Carlsen from Stavanger 2017 as White's expansion on the queenside makes a lot of difference in the ...fxe6 structures. The space itself obviously, but also that a rook on a2 will defend the f2-pawn eventually.}) {Now, however, Black uses the possibility to fix the queenside structure. One could argue why not 8...a5 then? It is a reasonable move, played by Ding, but there potentially White has the option of a3+b4, while now the b4-square is definitely under Black's control.} 10. Nbd2 ({RR} 10. d4 Bb6 11. Bb3 Re8 12. Bc2 exd4 13. cxd4 Nb4 14. Nc3 Nxc2 15. Qxc2 d5 16. e5 Nh7 17. Be3 Re6 18. Ne2 Rc6 19. Qd3 Ng5 20. Nxg5 hxg5 21. f3 Rg6 22. Rf1 Be6 23. f4 gxf4 24. Nxf4 Rh6 {Schoppen,C (2524)-Geirnaert,S (2402) Belgium BEL 2025 1-0 (33)}) 10... Be6 {As explained previously, the benefit of having played ...a5 is that Black now can play ...Be6 without fearing the ...Bxe6 fxe6 structures, and So obviously exploits that:} 11. Bb5 $5 ({RR} 11. Bb3 Bxb3 12. Qxb3 Qd7 13. Nf1 Rab8 14. Ng3 Qe6 15. Qd1 Ba7 16. d4 Ne7 17. Be3 Ra8 18. Nh4 Rfe8 19. Qf3 Kh7 20. Rad1 Bb6 21. Bc1 Rad8 22. d5 Qd7 23. b3 Nfg8 24. Nf1 Rf8 25. g4 c6 {Caruana,F (2819)-Anand,V (2764) Paris 2019 0-1 (52)}) ({RR} 11. b3 Re8 12. Bb2 d5 13. Bb5 dxe4 14. dxe4 Nh5 15. Nc4 Qf6 16. Bxc6 bxc6 17. Ncxe5 Bxh3 18. Nd3 Qg6 19. Nh4 Qg5 20. Nxc5 Qxh4 21. gxh3 Qg5+ 22. Qg4 Qxc5 23. c4 Rab8 24. e5 g6 25. Ba3 Qb6 {Firouzja,A (2778)-So,W (2771) Saint Louis 2022 1-0 (32)}) 11... Na7 $146 ({RR} 11... Ne7 12. d4 exd4 13. Nxd4 Bd7 14. Bc4 Ng6 15. N2f3 Re8 16. Qb3 Re7 17. Qc2 Qe8 18. Bd2 Ne5 19. Nxe5 Rxe5 20. Bd3 Qf8 21. Nf3 Ree8 22. Be3 Bxe3 23. Rxe3 Nh5 24. Rae1 Nf4 25. Bf1 Ne6 26. Bc4 {Khripachenko,A (2137)-Smirnov,P (2544) Yalta 2022 ½-½ (31)}) ({RR} 11... Ne7 12. d4 exd4 13. Nxd4 Bd7 14. Bc4 Ng6 15. N2f3 Re8 16. Qb3 Re7 17. Qc2 Qe8 18. Bd2 Ne5 19. Nxe5 Rxe5 20. Bd3 Qf8 21. Nf3 Ree8 22. Be3 Bxe3 23. Rxe3 Nh5 24. Rae1 Nf4 25. Bf1 Ne6 26. Bc4 {Khripachenko,A (2137)-Smirnov,P (2544) Yalta 2022 ½-½ (31)}) 12. d4 Nxb5 13. dxc5 $5 {Earlier this year in Wijk Aan Zee, Giri took back on b5 against Anand, with the game ending in a quick draw.} Na7 14. b3 Re8 {Still common ground, White's concept is that 14...Nc6 is met by 15 cxd6 cxd6 ( 15...Qxd6? 16 Ba3! wins an exchange, and is the point of 14 b3) 16Ba3 Re8 17 c4! when the resulting pawn structure heavily favours White, explaining why So had to put his rook on e8, in order to be able to take back on d6 with the queen.} 15. cxd6 Qxd6 16. Ba3 c5 {Grischuk played 16...Qa6 against MVL in the 2017 World Cup, but while he got a good position in the game, the computer very much prefers 16...c5.} 17. Nc4 $5 {Over the board inspiration, and making the inclusion of b3 having a positive effect. MVL had a later game with Karjakin in 2019 where he continued 17.Qe2, but Magnus' move is, despite the exchange of queens, somewhat more aggressive.} Qxd1 18. Raxd1 Bxc4 {For a human, an obvious choice, but the computers actually insists that 18...Nd7 also is a reasonable move as after 19 Ne3, which seems to nicely give White control over the d5 square, after 19...Red8 20 Nd5 Rb8, it indeed is difficult for White to make any reasonable progress. Being a human being, So, however, obviously took the knight.} 19. bxc4 {Explaining the games to the commentators, Magnus said that this was paying a bit of hommage to Mikhail Botvinnik who in numerous games showed the dynamic potential of this exact pawn structure where the doubled pawns obviously are potential weaknesses and thus the position is much sharper than it appears at first sight: Black needs to hurry, as seen in the game White's potential is huge if the position stabilizes.} b6 $6 ({The computers strongly suggest} 19... Rac8 $1 {the idea being to protect the b7-pawn from c7, and then regrouping with ...Nc8/d6 immediately attacking White's fragile c4-pawn. At first the computers says Black is better, but after a while settles on} 20. Nh2 (20. Nh4 g6 21. f3 {followed by g4/Ng2-e3 leads to similar positions.}) 20... Rc7 21. Nf1 Nc8 22. Ne3 Nb6 23. Rb1 Nxa4 24. f3 {when White has sacrificed a pawn, and offers a second on c3, but as compensation gets serious initiative combing threats via the b-line with the knight landing on d5. White is neither better nor worse, but the position is very interesting with rich possibilities for both to outplay the opponent.}) {So instead chooses solidity, but this permanently places the initiative with White.} 20. Nh4 Rad8 21. f3 g6 22. g3 {22.g4 intending the same knight regrouping as in the game, but at the same time stopping Black's ...Nh5 had merits, but Magnus wanted to keep his own kingside structure as flexible as possible.} Nh5 23. Kf2 Nc6 $6 {Again Wesley's choice is more solid than good.} (23... Nc8 {23...Nc8!? would reroute the knight to d6, attacking the c-pawn and after} 24. Ng2 Nd6 25. Ne3 f5 {create some counterplay.}) {But So believes in the solidity of his position.} 24. Bc1 Kg7 25. Be3 Rxd1 ({Once again} 25... Ne7 26. Ng2 f5 $1 {was called for, creating some counterplay, but its repeating the previous remark, as Black's play is based on the wrong assumption that he has an impregnable fortress.}) 26. Rxd1 Rd8 27. Rb1 $1 {Keeping a pair of rooks is an absolute neccesity.} Rb8 28. Ng2 Nf6 29. Ke2 Ne8 30. Bf2 Nd6 31. Ne3 Ne7 $2 {Blacks position was bad, much worse than it looks, but with this it becomes just plainly lost. But again: Black thinks he has a fortress.} 32. Nd5 $1 Nxd5 33. cxd5 Rb7 34. Kd3 {One could argue a slight inaccuracy, the computer prefers 34 c4!?.} f5 {This created a weakness on e5, but as White anyway could force that with f4xe5 after a black ...f6, it makes no difference.} ({But even after} 34... c4+ 35. Kd2 Nc8 36. Bc5 $1 {followed by the f4 break, Blacks position will collapse rather quickly.}) 35. c4 fxe4+ $5 {Facing reality, So alternates his plan, tries to complicate.} ({The problem is, as Magnus happily explained after the game, that the "fortress" after} 35... Kf6 36. g4 f4 37. Be1 g5 38. Bc3 $1 {has one problem: Yes, everything is solididly protected and White can do no harm to Black's position on his own. But as Black is not allowed to "pass", Zugzwang here plays its deadly consequence. Black has to make a move, and that makes his position instantly collapse. The rook needs to protect the b-pawn, but if it goes to b8, it allows Bxa5. The knight on d6 is needed there to protect the rook on b7, else Bxa5 again is possible, and as the king is stuck on f6 protecting e5, and Black has run out of pawn moves, this is a pure and illustrative zugzwang. Black's position will fall like a cardhouse, when removing one bit, will eventually make it all fall.}) 36. fxe4 Rf7 {A good try, even allowing the hope for the trap below.} 37. Rxb6 (37. Be3 Rf3 38. Rxb6 $4 Rxe3+ $1) 37... Rxf2 38. Rxd6 Rf3+ 39. Ke2 $6 {Sloppy technique.} (39. Kd2 Rf2+ 40. Ke3 Rc2 41. Kd3 Ra2 42. Rc6 {was a very trivial win. as White gets connected passed pawns while keeping Black's counterplay to a minimum.}) 39... Rc3 40. Re6 Rxc4 41. Rxe5 Rxa4 42. Re7+ Kf6 $2 {Returning the favour and making the win trivial.} (42... Kf8 $1 {would surprisingly force a huge degree of precision on White's part.} 43. Re6 $1 {is the only winning move.} ({After} 43. d6 $2 Rd4 44. e5 a4 45. Ke3 a3 46. Ra7 Rd5 $1 {White cannot successfully advance his connected passed pawns, as after} 47. Ke4 ({or} 47. Kf4) 47... Rd4+ $1 {the king is forced back, and Black will just return the rook to d5, again attacking the e5 pawn forcing a repetition.}) 43... Rb4 {again forces precision, as} 44. Kf3 $1 {is needed. The difference is that after} a4 45. Rxg6 a3 46. Ra6 Rb3+ {now} 47. Kg4 $1 {is available, the point being that after} c4 48. d6 c3 49. Ra8+ Kf7 50. d7 c2 {White simply plays} 51. d8=Q {soon mating the black king, but if the white king were on f4, then 51...c1Q would be a check, reversing the table.  Very much a line that the World Champion would be able to calculate, but still an unneccesary risk to take indeed.}) 43. d6 {44.e5+ follows next, and the pawns marches through.} 1-0

[Event "Sinquefield Cup 7th"]
[Site "Saint Louis"]
[Date "2019.08.28"]
[Round "11"]
[White "Vachier Lagrave, Maxime"]
[Black "Carlsen, Magnus"]
[Result "0-1"]
[WhiteElo "2778"]
[BlackElo "2882"]
[Annotator "Nielsen,Peter Heine"]
[PlyCount "88"]
[EventDate "2019.08.17"]
[EventType "tourn"]
[EventRounds "11"]
[EventCountry "USA"]
[EventCategory "22"]
[SourceTitle "CBM 192"]
[Source "ChessBase"]
[SourceDate "2019.10.31"]
[SourceVersion "1"]
[SourceVersionDate "2019.10.31"]
[SourceQuality "1"]

{[%evp 0,71,19,38,40,41,51,32,72,38,11,13,23,27,60,54,57,30,35,5,0,-29,1,1,0,-7,-1,-22,-16,-33,-9,-35,-38,-28,-30,-30,-14,-31,-46,-50,-53,-65,-68,-92,-92,-135,-135,-141,-125,-251,-242,-242,-206,-216,-210,-224,-224,-233,-243,-222,-202,-213,-200,-190,-200,-222,-209,-215,-232,-236,-246,-253,-288,-271] Having started the tournament with 9 draws, Magnus chances of competing for first place seemed theoretical, yet in the 10th round he got the exact results he needed, not only winning his own game vs. So, but also the leaders faltering meaning suddenly going into the last round there was actually a real chance! Still, apart from Ding not winning his game, beating MVL with the black pieces was not exactly an easy task, but at least the Frenchman also needed a win as this was the only chance he had left for being in the top 4 of the Grand Chess Tour standings meaning we had two players both willing to fight and take risks!} 1. e4 c5 2. Nf3 Nc6 3. Bb5 {Maxime for many years was a big fan of 3.Nc3, but recently seemed to have shifted to the Rossolimo. The popular choice among the elite, Magnus faced it no less than 4(!) times in the Sinquefield Cup!} g6 4. Bxc6 bxc6 $5 {In the WC-match but also the previous tournaments Magnus went for the more solid 4...dxc6, but earlier in the tournament he did experiment with capturing towards the centre against Anand, so this more ambitious more hardly came as a surprise to Vachier.} 5. d4 $5 {The main line, at least if you look at number of games is 5 0-0, but Anand also played this more direct approach against Magnus.} cxd4 ({Vishy was better after} 5... Bg7 6. dxc5 Qa5+ 7. Nbd2 Qxc5 8. O-O d6 9. Re1 f6 10. a3 Nh6 11. b4 Qh5 12. c4 {, even if the game ended in a solid draw.}) {Magnus, however, had not lost faith in Black's positional potential, but alters the move order while striving for a similar structure.} 6. Qxd4 f6 7. O-O d6 8. c4 c5 {The Indian prodigy Praggnanandhaa played like this earlier this year in the B-group of Wijk Aan Zee, earning a draw against the higher rated Kovalev. It's easy to see the attraction: Black has a broad stabilised centre and the pair of bishops, in many ways leaving the bigger burden on White, having to prove that his initiative is not only temporary.} 9. Qd3 Bg7 10. b3 {Its hard to see why MVL did not play 10.Nc3 first.} ({RR} 10. Nc3 Nh6 11. Rd1 Bb7 12. a3 a5 13. Rb1 O-O 14. b4 axb4 15. axb4 cxb4 16. Rxb4 Qd7 17. Nd5 Ra1 18. Qc3 f5 19. e5 Bxd5 20. Qxa1 Bxf3 21. gxf3 Nf7 22. f4 Qc6 23. Qd4 Qf3 24. Rd3 Qg4+ {Kacharava,N (2516)-Royal,S (2493) Sharjah UAE 2025 0-1 (50)}) 10... Nh6 {But Magnus does not pick up the gauntlet, yet.} ({Maybe he just wanted to tempt Black to play} 10... f5 {when} 11. e5 Bb7 12. Bb2 Nh6 13. Ng5 $5 {is an interesting pawn sacrifice aiming for the e6 square, before Black manages to stabilize with ...Nf7.}) 11. Nc3 Rb8 12. Bd2 $146 {At first sight maybe a strange looking move, but not much action is expected on the long diagonal, as Black plans to keep it close, while instead MVL has ambitions on the kingside.} ({RR} 12. Bb2 O-O 13. Rfe1 Nf7 14. Nd5 e6 15. Nc3 f5 16. Rad1 Qa5 17. Re2 a6 18. Na4 Bxb2 19. Rxb2 fxe4 20. Qxe4 Bb7 21. Qe3 Bxf3 22. Qxf3 d5 23. cxd5 exd5 24. Qxd5 Rbd8 25. Qf3 Rfe8 26. Rbb1 c4 {Gal,H (2161)-Juhasz,B (2224) Budapest HUN 2022 1-0 (40)}) ({RR} 12. Bb2 O-O 13. Rfe1 Nf7 14. Nd5 e6 15. Nc3 f5 16. Rad1 Qa5 17. Re2 a6 18. Na4 Bxb2 19. Rxb2 fxe4 20. Qxe4 Bb7 21. Qe3 Bxf3 22. Qxf3 d5 23. cxd5 exd5 24. Qxd5 Rbd8 25. Qf3 Rfe8 26. Rbb1 c4 {Gal,H (2161)-Juhasz,B (2224) Budapest HUN 2022 1-0 (40)}) 12... O-O 13. Rae1 Nf7 {A fascinating position. Modern chess suffers from symmetry and too much balance, while here there is so much life and complexity. Stockfish somewhat prefers White, suggesting moves like 14.Nh4!? preparing 15.f4, when Black should either respond with ...e6 planning ...f5, or reroute the knight to d4, via e5-c6. Its just a very interesting position, and Maxime adds his own flavour, playing the ever so popular flank-pawn push!} 14. h4 $6 (14. Nh4 $5 {[%cal Gf2f4]} e6 {[%cal Gf6f5]} (14... Ne5 {[%cal Ge5c6,Gc6d4]})) 14... Rb7 $5 {As White did not want the bishop on the diagonal, Black chooses not to financhetto his bishop but instead the rook! But there is logic: as Black wants his bishop remaining on c8, eying the kingside and a potential ...f5, why not just improve the rook's prospects? Still it is an extraordinary move, at least to me. It's "mysterious" in many ways, illustrating perhaps that in standard positions we have a good understanding based on experience of where the pieces belong, while under extraordinary circumstances like this one, one gets a more polarised view of the difference between an average grandmaster and the World Champion. ...Rb7 never would have entered my mind, while the game shows it makes sense, a lot of sense!} 15. h5 g5 {15...f5 also has logic, but Magnus keeps the position closed for the moment, also the pawn at h5 can now become a target, forcing White to act.} 16. Nh2 $6 {Probably like 14 h4?! a step in the wrong direction.} ({The computer seems to indidate} 16. Ne2 {[%cal Ge2g3,Gg3f5] rerouting the knight to the kingside and the f5 square especially. Still the position is so complex and unfamiliar that both for the players and commentators it is very hard to say. Black could then either continioue with ...e6 covering the f5 square, ...Be6 intending ...Qd7 and ...a5 but maybe best, just like with 14...Rb7!?, improving the position while remaining flexible is the key, meaning} Kh8 $1 (16... Be6 {[%cal Gd8d7]}) (16... e6 {[%csl Ge6][%cal Ge6f5]})) 16... Ne5 17. Qg3 Kh8 18. f4 {With hindsight this is easy to criticize based on the result, but MVL is just consistently following his planned concept.} gxf4 19. Bxf4 Rg8 20. Re3 Nc6 {Vacating the diagonal as preparation for ...f5 when the e5 and d4 squares not only become relevant for Black's knight, but certainly now also the bishop.} ({The computer, however, prefers} 20... Qf8 $5 21. Qh4 Bh6 22. Rg3 Bxf4 23. Rxg8+ Kxg8 24. Qxf4 Nf7 $5 {with ...Qh6 or ...Qg7-g5 as the follow-up.}) 21. Qf2 f5 22. Nf3 $2 {Speaking with MVL just after the game, the Frenchman said he thought his position here was already very bad. It is easy to understand why one would think so, Black's position has enormous potential and the pieces are about to spring to life.} ({But the computer does not suffer from such generalisation, and just states that} 22. exf5 $1 Bxf5 (22... Bd4 23. Ne2 Bxe3 24. Bxe3 {gives White sufficient compensation for the exchange.}) 23. Rg3 {really is no big deal.} {After} Qe8 (23... Bd4 {is now parried by} 24. Be3) {White can play} 24. Ne2 $1 (24. h6 Bxc3 25. Rxc3 e5 {shows why the rook is excellently placed on b7.}) 24... Qxh5 25. Rg5 Qf7 26. Be3 {with sufficient compensation for the pawn, leading to an equal position.}) {Yet to stress it once again: these positions are so unfamiliar, meaning the complexity of playing them is uncomparable to more standard positions where one can rely on experience.} 22... Bxc3 $1 {Exchanging the strong bishop for a knight that is out of play!? Perhaps, but that just goes to show how one can easily create false narratives in chess. In reality Black speeds up the attack by removing a bishop that is A) in the way when Black wants to attack via the g-file, and B) would be locked in behind its own pawns, when Black now in the following wants to play ...e5 and ...f4.} 23. Rxc3 e5 24. Rd3 $5 {Maxime realises the severity of his troubles, and tries complicating.} (24. Bh2 f4 {would be a positional tragedy with Black doubling in the g-file, the knight reaching d4 etc. etc. The computer instantly evaluates it as -4! indicating the hopelessness.}) 24... exf4 $1 {Praising a World Champion for taking a piece is maybe to much, but this does involve selfpinning his rook to be taken by a white pawn. Magnus took his time reassuring himself that while at first sight it looks dangerous, Black's king is safe and White's not:} 25. Qb2+ Rbg7 26. h6 fxe4 27. Rd2 ({No tactics are working, the funniest try being} 27. hxg7+ Rxg7 28. Ne5 $5 {, but} Nxe5 29. Qxe5 exd3 $1 {wins easily, not that it is the only way either.}) 27... exf3 28. hxg7+ Rxg7 29. Rxf3 Qg5 {Generally the game is over. Magnus has two minor pieces for the rook, and in the following reroutes the bishop cleverly to the g8 square safeguarding his king.} 30. Rdf2 Nd4 31. Rxf4 Bf5 32. b4 Be6 $1 33. Rf8+ Bg8 34. bxc5 dxc5 35. Qb8 Qe3 36. Qd6 {Threatening 37.Rxg8+ Rxg8 38 Qf6+ with a perpetual.} Qc1+ 37. Kh2 Qg5 38. Qd5 Qh4+ 39. Kg1 Qe7 {Controlling e5, so there is no perpetual, also, Black creates threats of his own.} 40. Qh5 Qe3 41. Qh4 Ne2+ 42. Kh1 (42. Kh2 Qe5+ {also instantly finishes the game.}) 42... Qc1+ 43. Rf1 Ng3+ 44. Kg1 ({If} 44. Qxg3 {then Black interpolates} Qxf1+ {before taking White's queen.}) 44... Qe3+ {And as 45 R1f2 Qe1+ 46 Rf1 Ne2+! wins the queen and mates at the same time, Maxime resigned. This earned Magnus a what just 2 days earlier seemed a completely unlikely playoff. A dicipline he has dominated to the extend that it almost became mythical like he could never lose with his last loss dating back more than 10 years tgo his teenage days. yet Ding won, and did it in a convincing way. While the result on the day was bad, it does however also put into perspective what an achievement Magnus playoff streak was. It takes you to show up every time giving your absolute best, even when a World Championship is at stake.} 0-1